| 000 | 01722nam a2200337Ia 4500 | ||
|---|---|---|---|
| 001 | ebr10257264 | ||
| 003 | CaPaEBR | ||
| 006 | m u | ||
| 007 | cr cn||||||||| | ||
| 008 | 080729s2008 dcu sb 000 0 eng d | ||
| 010 | _z 2008033554 | ||
| 020 | _z0309124883 (pbk.) | ||
| 020 | _z0309124891 (pdf) | ||
| 020 | _z9780309124881 (pbk.) | ||
| 020 | _z9780309124898 (pdf) | ||
| 040 |
_aCaPaEBR _cCaPaEBR |
||
| 035 | _a(OCoLC)567970853 | ||
| 050 | 1 | 4 |
_aHV6432 _b.P76 2008eb |
| 245 | 0 | 0 |
_aProtecting individual privacy in the struggle against terrorists _h[electronic resource] : _ba framework for program assessment / _cCommittee on Technical and Privacy Dimensions of Information for Terrorism Prevention and Other National Goals ; Committee on Law and Justice and Committee on National Statistics, Division on Behavioral and Social Sciences and Education ; Computer Science and Telecommunications Board, Division on Engineering and Physical Sciences. |
| 260 |
_aWashington, D.C. : _bNational Academies Press, _cc2008. |
||
| 300 | _axxiii, 352 p. | ||
| 504 | _aIncludes bibliographical references. | ||
| 533 |
_aElectronic reproduction. _bPalo Alto, Calif. : _cebrary, _d2009. _nAvailable via World Wide Web. _nAccess may be limited to ebrary affiliated libraries. |
||
| 650 | 0 |
_aPrivacy, Right of _zUnited States. |
|
| 650 | 0 |
_aSurveillance detection _zUnited States. |
|
| 650 | 0 |
_aTechnological innovations _xLaw and legislation _zUnited States. |
|
| 650 | 0 |
_aTerrorism _zUnited States _xPrevention. |
|
| 655 | 7 |
_aElectronic books. _2local |
|
| 710 | 2 | _aebrary, Inc. | |
| 856 | 4 | 0 |
_uhttp://site.ebrary.com/lib/rucke/Doc?id=10257264 _zAn electronic book accessible through the World Wide Web; click to view |
| 999 |
_c13564 _d13564 |
||